| 000 | 01539nam0a2200373 4500 | ||
|---|---|---|---|
| 001 | RU\NLR\BIBL_A\012566394 | ||
| 005 | 20260409073347.0 | ||
| 010 |
_a978-5-9216-0230-4 _91000 |
||
| 021 |
_aRU _b2021-16361 _9КН-П-1291 |
||
| 035 | _a(NLR Aleph) 012566394 | ||
| 090 |
_a12476543 _c12476543 |
||
| 100 | _a20210719d2021 |||y0rusy50 ca | ||
| 101 | 0 | _arus | |
| 102 | _aRU | ||
| 105 | _ay|||||||||||| | ||
| 181 | 0 |
_ab3 _bxb2e |
|
| 181 | 0 |
_ai1 _baxxe |
|
| 182 | 0 | _an | |
| 200 | 1 |
_aФэн Шуй в интерьере _eпростые способы создавать и поддерживать благополучие в доме _fЛилиан Ту |
|
| 203 |
_aИзображение _aТекст _bвизуальные _cнепосредственные |
||
| 205 | _a[Полностью обновл. изд.] | ||
| 210 |
_aМосква _cКнигИздат _d2021 |
||
| 215 |
_a210 с. _cцв. ил. _d25 |
||
| 606 |
_8rus _aФэн-шуй _7ca _jПопулярные издания _3RU\NLR\AUTH\661259693 _92083627 |
||
| 606 | 1 |
_aЖилища _xБлагоустройство _92092436 _3RU\NLR\AUTH\661266365 |
|
| 606 | 1 |
_aЖилые дома _xИнтерьер _xОформление _xПрименение фэн-шуй _92626605 _3RU\NLR\AUTH\661563165 |
|
| 686 | 1 | _aЮ3(5Кит)3я9 | |
| 686 | 1 | _aМ791 | |
| 686 | 1 | _aЩ128.411 | |
| 700 | 1 |
_8rus _7ca _aТу _bЛ. _gЛиллиан _3RU\NLR\AUTH\778856 _9118737 |
|
| 942 | _cBOOK | ||
| 980 | _aNB | ||